ZIMOWE SPORTY OLIMPIJSKIE: - Statystyki

Ogólne statystyki
  • Ten quiz został rozwiązany 90 razy
  • Średni wynik to 3 z 6
Statystyki odpowiedzi
Odpowiedź % Poprawnych
SKOKI NARCIARSKIE
94%
BIEGI NARCIARSKIE
69%
ŁYŻWIARSTWO FIGUROWE
48%
NARCIARSTWO ALPEJSKIE
41%
SANECZKARSTWO
40%
HOKEJ NA LODZIE
34%
Nie znaleziono quizów pasujących do podanych kryteriów
Rozkład punktacji
Procent ludzi z każdym wynikiem
Percentyl według liczby udzielonych odpowiedzi
Twoja historia wyników
Nie rozwiązałeś tego quizu